|
|
|
|
| LEADER |
01443nam a2200337 a 4500 |
| 001 |
mzk03001077976 |
| 003 |
CZ BrMZK |
| 005 |
20120106100550.0 |
| 007 |
ta |
| 008 |
091124s1711 gw a fr|||||00| ||gerod |
| 040 |
|
|
|a BOA001
|b cze
|
| 041 |
0 |
|
|a ger
|a lat
|
| 072 |
|
7 |
|a 094
|x Staré tisky
|2 Konspekt
|9 12
|
| 080 |
|
|
|a (0.068)094
|2 MRF
|
| 100 |
0 |
|
|a Josef
|b I.,
|c římskoněmecký císař,
|d 1678-1711
|7 jn20030521001
|4 aut
|
| 245 |
1 |
0 |
|a Neue Peinliche Hals-Gerichts-Ordnung :
|b Vor das Königreich Böheim, Marggrafthumb Mähren, und Hertzogthumb Schlesien /
|c Der Römischen Kayser- Auch Zu Hungarn und Böheim ec. ec. Königl. Majestät Josephi Des Ersten Ertz-Herzogens zu Oesterreich etc. etc.
|
| 260 |
|
|
|a Gedruckt zu Freyburg :
|b auf Kosten Martin Parcus [fing.?],
|c 1711
|
| 300 |
|
|
|a [6], 120, [27] s., [1] příl. ;
|c 4°
|
| 500 |
|
|
|a Výzdoba: Mědirytový frontispis, titulní strana tištěna červeně a černě, vlysy, iniciály, viněty
|
| 546 |
|
|
|a V německém textu latinská slova
|
| 563 |
|
|
|a Poškozená papírová vazba
|
| 655 |
|
7 |
|a staré tisky
|7 fd422076
|2 czenas
|
| 903 |
|
|
|a RP
|
| 910 |
|
|
|a BOA001
|b CH-0007.983
|
| 978 |
|
|
|b Parcus, Martin
|a Freyburg [fing.]
|c 1711
|
| 984 |
|
|
|a Freiberg
|b Německo
|
| 985 |
|
|
|a 1701-1750
|
| 990 |
|
|
|a BK
|
| 993 |
|
|
|a Y
|
| 991 |
|
|
|k mzk
|
| 996 |
6 |
|
|b 2610409278
|c CH-0007.983
|l stud. ST
|r Sklad / do násl. otevíracího dne
|n 0
|h Turm.IV.C.29.2.Reihe
|w 001106391
|x 9
|u 000010
|a 1
|e BOA001
|s P
|